Entry Términos de género/forma
001 - NÚMERO DE CONTROL
- campo de control: 226787
003 - IDENTIFICADOR DE NÚMERO DE CONTROL
- campo de control: SpMaBN
005 - FECHA Y HORA DE LA ÚLTIMA TRANSACCIÓN
- campo de control: 20250825000340.0
008 - ELEMENTOS DE DATO DE LONGITUD-FIJA
- campo de control de longitud fija: 120222 n azznnaabn a ana
024 7# - IDENTIFICADOR DE OTROS ESTÁNDARES
- Número estándar o código: http://id.loc.gov/authorities/genreForms/gf2017027220
- Fuente: lcgft
024 7# - IDENTIFICADOR DE OTROS ESTÁNDARES
- Número estándar o código: http://vocab.getty.edu/aat/300123016
- Fuente: aat
024 7# - IDENTIFICADOR DE OTROS ESTÁNDARES
- Número estándar o código: https://data.bnf.fr/ark:/12148/cb133186675
- Fuente: rameau
040 ## - FUENTE DE CATALOGACIÓN
- Centro catalogador/agencia de origen: SpMaBN
- Lengua de catalogación: spa
- Centro/agencia transcriptor: SpMaBN
- Normas de descripción: rdc
- Convención/Normas de encabezamiento de materia/tesauro: tgfbne
- Centro/agencia modificador: ES-MaACL
042 ## - CÓDIGO DE AUTENTICACIÓN
- Código de autenticación: NORM20140130
155 ## - ENCABEZAMIENTO--TÉRMINO DE GÉNERO/FORMA
- Término de género/forma: Libros de artista
555 ## - TRAZADO DE VÉASE ADEMÁS--TÉRMINO GÉNERO/FORMA
- Subcampo de control: g
- Término de género/forma: Obras ilustradas
670 ## - FUENTE DE DATOS ENCONTRADOS
- Cita de la fuente: LCGFT;
- Información encontrada: (Artists' books)
670 ## - FUENTE DE DATOS ENCONTRADOS
- Cita de la fuente: AAT;
- Información encontrada: (Artists' books)
670 ## - FUENTE DE DATOS ENCONTRADOS
- Cita de la fuente: WWW RBGENR, 26-2-2020;
- Información encontrada: (Artists' books)
- Identificador Uniforme de Recursos: https://rbms.info/vocabularies/genre/tr137.htm
670 ## - FUENTE DE DATOS ENCONTRADOS
- Cita de la fuente: WWW RBGENR, 26-2-2020;
- Información encontrada: (Livres d’artistes)
- Identificador Uniforme de Recursos: https://rbms.info/vocabularies/genre/tr557.htm
670 ## - FUENTE DE DATOS ENCONTRADOS
- Cita de la fuente: WWW RAMEAU, 9-10-2019;
- Información encontrada: (Livres d'artistes)
670 ## - FUENTE DE DATOS ENCONTRADOS
- Cita de la fuente: WWW Embe, 23-6-2023;
- Información encontrada: (Libros de artista)
680 ## - NOTA GENERAL PÚBLICA
- Texto explicativo: Úsase para libros producidos por artistas pensados como objetos de arte visual. Para para los libros, publicaciones seriadas, u otras concebidas como objetos que no tienen necesariamente un contenido intelectual o artístico, véase
- Encabezamiento o término de subdivisión: Libros objeto
